<?xml version="1.0" encoding="UTF-8"?>
<record
    xmlns:xsi="http://www.w3.org/2001/XMLSchema-instance"
    xsi:schemaLocation="http://www.loc.gov/MARC21/slim http://www.loc.gov/standards/marcxml/schema/MARC21slim.xsd"
    xmlns="http://www.loc.gov/MARC21/slim">

  <leader>00360nam a2200133Ia 4500</leader>
  <controlfield tag="008">230411s9999    xx            000 0 und d</controlfield>
  <datafield tag="041" ind1=" " ind2=" ">
    <subfield code="a">eng</subfield>
  </datafield>
  <datafield tag="082" ind1=" " ind2=" ">
    <subfield code="a">N/613.2/PAS/B05182</subfield>
  </datafield>
  <datafield tag="100" ind1=" " ind2=" ">
    <subfield code="a">Pasricha Swaran</subfield>
  </datafield>
  <datafield tag="245" ind1=" " ind2=" ">
    <subfield code="a">Dietary Tips For The Elderly</subfield>
  </datafield>
  <datafield tag="260" ind1=" " ind2=" ">
    <subfield code="b">National Institute Of Nutrition</subfield>
    <subfield code="a">Hyderabad</subfield>
    <subfield code="c">1992</subfield>
  </datafield>
  <datafield tag="300" ind1=" " ind2=" ">
    <subfield code="a">30p</subfield>
  </datafield>
  <datafield tag="999" ind1=" " ind2=" ">
    <subfield code="c">155705</subfield>
    <subfield code="d">155705</subfield>
  </datafield>
  <datafield tag="952" ind1=" " ind2=" ">
    <subfield code="0">0</subfield>
    <subfield code="1">0</subfield>
    <subfield code="4">0</subfield>
    <subfield code="7">0</subfield>
    <subfield code="8">N</subfield>
    <subfield code="a">BTIN</subfield>
    <subfield code="b">BTIN</subfield>
    <subfield code="d">2008-12-02</subfield>
    <subfield code="e">ICMR</subfield>
    <subfield code="g">10.00</subfield>
    <subfield code="i">5158</subfield>
    <subfield code="l">0</subfield>
    <subfield code="o">N 613.2 PAS B05182</subfield>
    <subfield code="p">BTIN-BK-5182</subfield>
    <subfield code="r">2023-04-11 00:00:00</subfield>
    <subfield code="v">9.00</subfield>
    <subfield code="w">2001-08-30</subfield>
    <subfield code="y">BK</subfield>
    <subfield code="z">B05182</subfield>
  </datafield>
</record>
